How Your Personality Makes or Breaks Your Child; (Record no. 207758)

MARC details
000 -LEADER
fixed length control field 00699nam a22002177a 4500
005 - DATE AND TIME OF LATEST TRANSACTION
control field 20260408112033.0
010 ## - LCCN (DPL NO)
LC control number B-761467 ENG-148182
020 ## - INTERNATIONAL STANDARD BOOK NUMBER
International Standard Book Number 9788178063348
Terms of availability 225.00
035 ## - SYSTEM CONTROL NUMBER
System control number B-761467
035 ## - SYSTEM CONTROL NUMBER
System control number EN-131714
037 ## - SOURCE OF ACQUISITION
Source of stock number/acquisition Gift
037 ## - SOURCE OF ACQUISITION
Source of stock number/acquisition DBAD
082 ## - DEWEY DECIMAL CLASSIFICATION NUMBER
Classification number 151
100 ## - MAIN ENTRY--PERSONAL NAME
Personal name Chayanika Singh
245 ## - TITLE STATEMENT
Title How Your Personality Makes or Breaks Your Child;
Remainder of title A Self- Assessment Guide for Parents/
Statement of responsibility, etc Chayanika Singh
260 ## - PUBLICATION, DISTRIBUTION, ETC. (IMPRINT)
Place of publication, distribution, etc New Delhi
Name of publisher, distributor, etc Unicorn Books
Date of publication, distribution, etc 2023
270 ## - ADDRESS
Address F-2/16, Ansari Road, Daryaganj,
City New Delhi
Postal code 110002
300 ## - PHYSICAL DESCRIPTION
Extent 199p.
Dimensions 22cm(pb)
942 ## - ADDED ENTRY ELEMENTS (KOHA)
Source of classification or shelving scheme Dewey Decimal Classification
Item type Children Books
Call number suffix CHA
Classification part 151
Holdings
Withdrawn status Lost status Not for loan Collection code Home library Current library Date acquired Source of acquisition Cost, normal purchase price Full call number Barcode Copy number Cost, replacement price Koha item type Public note
      Non-fiction Central Library Central Library 17/12/2024 Gift/9.12.24 225.00 CHA 151 B-761467 1 225.00 Children Books Gift
    Not For Loan Non-fiction D.B.Act.Division D.B.Act.Division 08/04/2026 Delivery of Books Act Division 175.00 CHA 151 EN-131714 1 175.00 English Books  

© Delhi Public Library
Hit Counter
free hit counter